Welcome to the Holygrace Academy Library

Please use search bar below to get started

MENAKA (Record no. 1573)

MARC details
000 -LEADER
fixed length control field 00278nam a22001337a 4500
082 ## - DEWEY DECIMAL CLASSIFICATION NUMBER
Classification number 894.812.3
Item number NAI/M
100 ## - MAIN ENTRY--AUTHOR NAME
Personal name NAIR,MRT
245 ## - TITLE STATEMENT
Title MENAKA
250 ## - EDITION STATEMENT
Edition statement FIRST
260 ## - PUBLICATION, DISTRIBUTION, ETC. (IMPRINT)
Place of publication TRIVANDRUM
Name of publisher PRABHATHAM PRINTING
Year of publication 1990
300 ## - PHYSICAL DESCRIPTION
Number of Pages 66
650 ## - SUBJECT ADDED ENTRY--TOPICAL TERM
Topical Term STORY
Geographic subdivision KERALA
942 ## - ADDED ENTRY ELEMENTS (KOHA)
Koha item type Books
Holdings
Withdrawn status Lost status Collection code Home library Current library Shelving location Date acquired Source of acquisition Cost, normal purchase price Full call number Accession Number Koha item type
    Fiction Main Library Main Library SHELF-6C MALAYALAM SHORT STORIES 12/01/2005 PURCHASE 10.00 894.812.3 NAI/M 01918 Books